=LDR 00000nam 2200000 4500 =001 INLIS000000000032124 =005 20130612134141 =008 ***********************************ind** =035 ##$$0010-061300000032124 =041 ##$$a ind =082 ##$$a 2x1.03 =090 ##$$a R.2x1.03, San, k =100 ##$$a Santoso, Budi =245 ##$$a Kamus Al-Qur'an Tiga Bahasa Arab-Indonesia-Inggris , Budi Santoso;Penyunting, Ahmad Sa'di =260 ##$$a 2008 $b Jakarta =300 ##$$a xx,520 hlm. , Illus , 24 cm =650 ##$$a Al-Qur'an Kamus =700 ##$$a Sa'di Ahmad =850 ##$$a NBPNMAT